000 00906nam a2200253Ia 4500
003 OSt
005 20220923223409.0
006 a|||||r|||| 00| 0
007 ta
008 220922b |||||||| |||| 00| 0 hin d
024 _a214,781
037 _cTextual
040 _aARTS
_cARTS
_bhin
041 _2hin
_ahin
082 _aO152:gN3, L2;M5
100 _aचेलीशेव, ये0 प0
245 0 _aप्रगतिशील भारतीय साहित्यकारों के छवि चित्र
246 _aPragatishīl bhāratīya sāhityakāroan ke chhavi chitra
260 _aदिल्ली
_b किताबघर प्रका0
_c1985
300 _a170 पृ.
_ccm.
650 _aहिन्दी साहित्य
_9156264
942 _hO152:gN3, L2;M5
_cTEXL
_2CC
999 _c364695
_d364695